| 000 | 00640nam a22002297a 4500 | ||
|---|---|---|---|
| 003 | UA-OsUOA | ||
| 001 | 22348 | ||
| 007 | ta | ||
| 008 | 20031218b un ||||| |||| 00| 0 ukr d | ||
| 090 |
_a159.9 _bВ53 |
||
| 942 | _cBK | ||
| 040 |
_aUA-OsUOA _bukr _cUA-OsUOA _dUA-OsUOA |
||
| 245 |
_aВісник Харківського університету _cРед. О.Ф.Іванова С.Г.Яновська |
||
| 300 | _a158 с. | ||
| 955 | _a0 | ||
| 041 | _aukr | ||
| 080 | _a159.9 | ||
| 260 |
_aХарків _bХарківський державний університет _c1997 |
||
| 044 | _aUA | ||
| 650 | 7 | _2UDC | |
| 999 |
_c308566 _d308566 |
||